Statystyki dla Wszyscy piłkarze 90+ fifa 22

Kliknij tutaj aby rozwiązać quiz!

Ogólne statystyki

  • Ten quiz został rozwiązany 11 458 razy
  • Średni wynik to 8 z 12

Statystyki odpowiedzi

KrajNazwisko% Poprawnych
ArgentynaMessi
99%
PolskaLewandowski
97%
FrancjaMbappe
94%
PortugaliaRonaldo
89%
BrazyliaNeymar
86%
EgiptSalah
71%
BelgiaDe Bruyne
65%
AngliaKane
56%
SłoweniaOblak
45%
FrancjaBenzema
41%
NIemcyNeuer
36%
FrancjaKante
27%

Rozkład punktacji

Percentyl według liczby udzielonych odpowiedzi

Procent ludzi z każdym wynikiem

Twoja historia wyników

Nie rozwiązałeś tego quizu